Zásady účtovania dlhodobého hmotného majetku

Členenie majetku účtovnej jednotky z časového hľadiska - dlhodobý a krátkodobý majetok. Predmet účtovania dlhodobého hmotného majetku. Príslušenstvo dlhodobého hmotného majetku. Náklady súvisiace s obstaraním dlhodobého hmotného majetku. Obstarávacia cena dlhodobého majetku. Zúčtovanie kapitálových...

ver descrição completa

Na minha lista:
Detalhes bibliográficos
Autor principal: Mráziková, Janka
Formato: Capítulo de Livro
Idioma:eslovaco
Assuntos:
Tags: Adicionar Tag
Sem tags, seja o primeiro a adicionar uma tag!

MARC

LEADER 00000naa a2200000 4500
001 0143806
005 20231120121702.4
041 0 |a slo 
044 |a SK 
245 1 0 |a Zásady účtovania dlhodobého hmotného majetku  |c Janka Mráziková 
520 |a Členenie majetku účtovnej jednotky z časového hľadiska - dlhodobý a krátkodobý majetok. Predmet účtovania dlhodobého hmotného majetku. Príslušenstvo dlhodobého hmotného majetku. Náklady súvisiace s obstaraním dlhodobého hmotného majetku. Obstarávacia cena dlhodobého majetku. Zúčtovanie kapitálových transferov. 
610 2 0 |a majetok dlhodobý 
610 2 0 |a majetok hmotný 
610 2 0 |a účtovanie 
100 1 |a Mráziková, Janka